000 00817nam a2200205 a 4500
003 0
005 20250514091719.0
008 021107s19uu xx 00 eng d
050 _aPGS ML 3920
_b.D888 2002
100 _aDumlao, Mark.
245 _aMusic preferences of selected grade six students of Southville International School (School Year 2001-2002) and its benefits to the listener /
_cMark Dumlao.
260 _aLas PiƱas City, Philippines :
_bSouthville International School and Colleges,
_c2002.
300 _a41 pages :
_billustrations ;
_c28 cm.
504 _aIncludes bibliographical references.
650 _aMusic
_vPsychological aspects.
650 _aChildren
_vMusic preferences.
650 _aMusic
_vInfluence.
650 _aSixth grade (Education)
_vStudents
_vAttitudes.
942 _2lcc
_cPASS
999 _c96670
_d96670